Gladiatorzy polskiego Freak Fightu #2 - Statystyki

Ogólne statystyki
  • Ten quiz został rozwiązany 37 razy
  • Średni wynik to 7 z 14
Statystyki odpowiedzi
Hint Odpowiedź % Poprawnych
Szlachentny człowiek, pomógł bardzo żonie chorego trenera. Piotr „Szeli” Szeliga
77%
Znany ze swojej diety "Jem co chcem" Kamil "Szczurek" Łaszczyk
74%
Znany jako "alimenciarz", 100% skuteczność w produkcji córek Szymon "Isamu" Kasprzyk
65%
Lista jego potencjalnych przeciwników z którymi nie walczył, a miał walczyć zawstydzi każdą legendę sportów walki. Amadeusz „Ferrari" Roślik
61%
Miał swoich orzełków zanim to było modne Artur Binkowski
61%
Kiedyś pięściarz, obecnie bokser, cyrkowiec i tester trunków. Tomasz „Góral” Adamek
48%
Tiktoker, wybił się na Magicalu na długo przed Nikitą. Obecnie dziennikarz śledczy świata freaków. Adrian "Polak" Polański
45%
Znana z pokazywania i planowania. Agata „Fagata” Fąk
45%
Legenda, znany z zamieniania nudnych pryszczatych chłopaczków w streamerów i z tego że jego wybranka wolała Golę Marcin „Xayoo” Majkut
45%
Piękna kobieta o pięknym męskim głosie. Anna „Anna IFBB PRO” Andrzejewska
42%
Może i promuje chamski hazard, ale uczciwiej od innych, bo "gra za swoje". Szymon „Szymool” Besser
42%
Boi się tatuaży, czystości i kiepskich życzeń noworocznych. Daniel "Magical" Zwierzyński
32%
Znany organizator ferii dla nastolatek. Robert „Sutonator” Pasut
32%
Erudyta. Alan „Alanik” Kwieciński
29%
Nie znaleziono quizów pasujących do podanych kryteriów
Rozkład punktacji
Procent ludzi z każdym wynikiem
Percentyl według liczby udzielonych odpowiedzi
Twoja historia wyników
Nie rozwiązałeś tego quizu